000 00833nam a22002297a 4500
001 36700
003 BD-RjUL
005 20211209052524.0
008 140819s1990 b ||||| |||| 00| 0 ben d
020 _c: 60.00
035 _a(BD-RjUL)36801
040 _aBD-RjUL
_beng
_cBD-RjUL
041 _aben
082 _a891.443
_bMOA 1990
_223
100 _aমোল্লা, নূর মোহাম্মদ
_9111927
245 _aএক প্রজন্মের সংলাপ /
_c নূর মোহাম্মদ মোল্লা
260 _aরাজশাহী :
_bলতিফা বেগম,
_c১৯৯০
300 _a১৩০ পৃ. ;
_c২২ সেমি.
650 _aবাংলা সাহিত্য
_vউপন্যাস
_9111928
650 _aBangla Literature
_vFiction
_9111929
942 _2ddc
_cBK
999 _c36700
_d36700